Bitcoin: A Game-Theoretic Analysis (Record no. 42773)
[ view plain ]
| 000 -LEADER | |
|---|---|
| fixed length control field | 00307nam a2200121Ia 4500 |
| 008 - FIXED-LENGTH DATA ELEMENTS--GENERAL INFORMATION | |
| fixed length control field | 241028s9999 xx 000 0 und d |
| 041 ## - LANGUAGE CODE | |
| Language code of text/sound track or separate title | eng |
| 082 ## - DEWEY DECIMAL CLASSIFICATION NUMBER | |
| Classification number | 332.4 WAR |
| 100 ## - MAIN ENTRY--PERSONAL NAME | |
| Personal name | Warren, Micah |
| 245 ## - TITLE STATEMENT | |
| Title | Bitcoin: A Game-Theoretic Analysis |
| 260 ## - PUBLICATION, DISTRIBUTION, ETC. | |
| Name of publisher, distributor, etc. | De Gruyter |
| Place of publication, distribution, etc. | Boston |
| Date of publication, distribution, etc. | 2023 |
| 300 ## - PHYSICAL DESCRIPTION | |
| Extent | 328;. P. 24 Cm |
| Withdrawn status | Lost status | Damaged status | Not for loan | Home library | Current library | Shelving location | Date acquired | Full call number | Barcode | Date last seen | Cost, replacement price | Price effective from | Koha item type |
|---|---|---|---|---|---|---|---|---|---|---|---|---|---|
| IMTN | IMTN | Rack 7-B | 07/03/2024 | 332.4 WAR | 33202 | 10/28/2024 | 94.99 | 10/28/2024 | Books |